| 000 | 00632nam a2200169 4500 | ||
|---|---|---|---|
| 001 | 144533 | ||
| 003 | ES-MaACL | ||
| 005 | 20230906201036.0 | ||
| 007 | t| | ||
| 008 | 070214s1981 sp r ||||1| spa d | ||
| 245 | 0 | 0 |
_aSituación actual de las relaciones fiscales internacionales españolas _b: = Present state of Spanish international fiscal relations. |
| 250 | _aEd. bilingüe, español e inglés. | ||
| 260 |
_aMadrid [etc.] : _bRevispana Coopers & Lybrand, _c[1981] ( _fV. Rico) |
||
| 300 |
_a44 f. ; _c30 cm. |
||
| 740 | 0 | _aPresent state of Spanish international fiscal relations. | |
| 852 |
_aES-MaACL _j2119-F-19 _bR.101951 |
||
| 999 |
_c144533 _d144533 |
||